000 00352nam a2200133Ia 4500
008 240624s9999 xx 000 0 und d
041 _aeng
082 _a330.973 PRA
100 _aPRABHAKAR A C
245 _aCURRENT GLOBAL RECESSION A THEORETICAL A
260 _c2017
_aUnited Kingdom
_bEmerald
300 _axxiii, 430 p.; 24 cm.
365 _cBPS
_b38
999 _c29229
_d29229